Geografía; temas del mundo actual /

Guardado en:
Autor Principal: Bertoncello, Rodolfo
Otros Autores: García, Patricia A., Minvielle, Sandra E., Calvo, Liliana B.
Formato: Libro
Publicado: Buenos Aires : Santillana, 1999
Series:Santillana polimodal
Materias:
Etiquetas: Agregar Etiqueta
Sin Etiquetas, Sea el primero en etiquetar este registro!
LEADER 02535nam a22004335a 4500
001 CEM.cems009908
008 130507s1999##################000#0#####d
005 20211012161845.0
003 CEMS
245 1 0 |a Geografía; temas del mundo actual /  |c Rodolfo Bertoncello ... [et Al.] 
260 |a Buenos Aires :  |b Santillana,  |c 1999 
300 |a 336 p. 
490 0 |a Santillana polimodal 
500 |a Para Polimodal 
505 0 |a El mundo contemporáneo: como miramos el mundo, Los países en el mundo actual, La población mundial, Un mundo globalizado , La Argentina en el mundo -- Actividades productivas y organización del espacio: El trabajo, una cuestión central, Los espacios de producción industrial, La modernización en los espacios agrarios, La importancia del pétroleo en el mundo actual, Un mundo en movimiento: los trasportes, El predominio del comercio y los servicios -- La cuestión ambiental: La preocupación por las cuestiones ambientales, Población , recursos y desarrollo sustentable, El abastecimiento de agua, Crisis energética y búsqueda de energías alternativas -- Sociedades y espacios en el mundo contemporáneo: La Unión Europea, El mundo mira a los Estados Unidos, Océanos y mares en la globalización, Países del sur y del este de Asia, China se abre al mundo, África hacia fines de siglo, América latina cambios y permanencias, El Mercosur: propuestas y logros 
020 |a 9504605753 
100 1 |a Bertoncello, Rodolfo 
700 1 |a García, Patricia A. 
700 1 |a Minvielle, Sandra E. 
700 1 |a Calvo, Liliana B. 
082 0 4 |a Z330.9 
653 |a Geografía 
653 |a Geografía mundial 
653 |a Mercosur 
653 |a Globalización 
653 |a Trabajo 
653 |a Ambiente 
653 |a Recursos 
653 |a Energía 
859 |a CEMS  |b BIB. CEMS - 11 de abril  |h 330.9  |i B462  |p 20236.99  |t Ej.1 
859 |a CEMS  |b BIB. CEMS - Agricultura  |h 330.9  |i B462  |p A20387.99  |t Ej.1 
859 |a CEMS  |b BIB. CEMS - 11 de abril  |h 330.9  |i B462  |p 20260.99  |t Ej.2 
859 |a CEMS  |b BIB. CEMS - Agricultura  |h 330.9  |i B462  |p A0337.01  |t Ej.2 
859 |a CEMS  |b BIB. CEMS - 11 de abril  |h 330.9  |i B462  |p 20261.99  |t Ej.3 
859 |a CEMS  |b BIB. CEMS - 11 de abril  |h 330.9  |i B462  |p 20294.99  |t Ej.4 
859 |a CEMS  |b BIB. CEMS - 11 de abril  |h 330.9  |i B462  |p 20295.99  |t Ej.5 
859 |a CEMS  |b BIB. CEMS - 11 de abril  |h 330.9  |i B462  |p 20296.99  |t Ej.6 
859 |a CEMS  |b BIB. CEMS - 11 de abril  |h 330.9  |i B462  |p 25236.08  |t Ej.7 
859 |a CEMS  |b BIB. CEMS - 11 de abril  |h 330.9  |i B462  |p 26201.11  |t Ej.8